Faktory konkurencieschopnosti ekonomiky Európskej únie bakalárska práca

Uložené v:
Podrobná bibliografia
Hlavný autor: Čapušková, Lívia
Korporativný autor: Fakulta medzinárodných vzťahov EU. Katedra medzinárodných ekonomických vzťahov a hospodárskej diplomacie
Ďalší autori: Jančíková, Eva, 1960-
Médium: Kniha
Jazyk:Slovak
Vydavateľské údaje: Bratislava 2018
Tagy: Pridať tag
Žiadne tagy, Buďte prvý, kto otaguje tento záznam!

MARC

LEADER 00000nbm a2200000 4500
001 0244537
005 20180810101338.2
041 0 |a slo 
044 |a SK 
245 1 0 |a Faktory konkurencieschopnosti ekonomiky Európskej únie  |b bakalárska práca  |c Lívia Čapušková ; školiteľ: Eva Jančíková 
264 1 |a Bratislava  |c 2018 
300 |a 56 s. 
100 1 |a Čapušková, Lívia 
700 1 |a Jančíková, Eva, 1960- 
710 2 |a Fakulta medzinárodných vzťahov EU. Katedra medzinárodných ekonomických vzťahov a hospodárskej diplomacie